Atlas of the Ukrainians in the United States. Demographic and Socio-economic Characteristics (Запис № 442591)

МАРК-запис
000 -Лідер
fixed length control field 02063 a2200265 4500
003 - Ідентифікатор контрольного номера
control field UA-OsUOA
005 - Дата та час останнього входження (трансакції)
control field 20260227092855.0
008 - Елементи даних фіксованої довжини – загальна інформація
fixed length control field 191023b -usab||| |||| 00| 0 eng d
020 ## - Міжнародний стандартний книжковий номер (ISBN)
Міжнародний стандартний книжковий номер (ISBN) (НП) 9780578472454
040 ## - Джерело каталогізації
Агенція оригінальної каталогізації UA-OsUOA
Мова каталогізації ukr
Агенція, яка здійснювала перезапис UA-OsUOA
Агенція, яка здійснювала модифікацію UA-OsUOA
041 ## - Код мови
Код мови тексту/ звукової доріжки чи окремого заголовка (П) eng
080 ## - Індекс Універсальної десяткової класифікації
Індекс Універсальної десяткової класифікації (УДК) (НП) 94(477).152:91
090 ## - Локальний шифр розміщення
Класифікаційний індекс УДК 94(477).152:91
Авторський знак (НП) W81
100 ## - Основне введення – ім’я особи
Ім’я особи (НП) Wolowyna O.
9 (RLIN) 23306
245 ## - Відомості про назву
Назва (НП) Atlas of the Ukrainians in the United States. Demographic and Socio-economic Characteristics
Дані про відповідальність (НП) O. Wolowyna
260 ## - Публікація, розповсюдження і т.п. (Вихідні дані)
Місце публікації, розповсюдження і т.п. (П) New York
Ім’я/ наймення видавництва, розповсюджувача і т.п. (П) Shevchenko Scientific Society, Inc
Дата публікації, розповсюдження і т.п. (П) 2019
300 ## - Фізичний опис
Обсяг 264 p.
520 ## - Резюме і т.п.
Резюме, реферат, анотація, тощо (НП) In more than 300 maps, The Atlas describes the history of immigration from Ukraine to the US, provides a comprehensive picture of the current demographic and socio-economic status of Ukrainians in the US, and quantifies their relative place within American society. Special attention is given to the impact of the most recent immigration from Ukraine, the so-called fourth wave. Besides demographic characteristics such as age, sex and internal migration, the Atlas covers topics like education, labor force, citizenship, knowledge of English, language spoken at home, income and poverty status, housing characteristics, and more. Indicators based on a large data base from different censuses are used to show the spatial distribution and characteristics of Ukrainians in maps for each State and 55 Metropolitan Areas.
591 ## - Дарувальник
Назва організації Державне підприємство "Генеральна дирекція з обслуговування іноземних представництв"
Прізвище та ініціали особи Павло Кривонос
650 ## - Додаткове предметне введення – тематичний термін
Тематичний термін чи географічна назва, як елемент введення (НП) 94(477).152 Українці в США, Канаді, Австралії
9 (RLIN) 23076
650 ## - Додаткове предметне введення – тематичний термін
Тематичний термін чи географічна назва, як елемент введення (НП) Географія. Географічні дослідження Землі та окремих країн. Подорожі. Регіональна географія
9 (RLIN) 23307
942 ## - Додаткові елементи входу (Коха)
Тип елемента Koha Книги
Source of classification or shelving scheme Universal Decimal Classification
955 ## - Код типу видання за змістом
Код типу видання за змістом (НП) Наукові видання
Фонди
Стан вилучень Стан втрат Джерело класифікації або схеми стелажів Стан уражень Не для кредиту Постійне місце розташування Поточне розміщення Дата придбання Джерело придбання Вартість, звичайна ціна покупки Інвентарний номер Усього замовленно Повний номер виклику Штрих-код Дата останнього перегляду Ціна ефективна від Тип елемента Koha Вартість, ціна заміни
    Universal Decimal Classification     ВІЛ - Відділ іноземн. літератури НБ ВІЛ - Відділ іноземн. літератури НБ 23/02/2026 Акт №06/23.02.2026 200.00     94(477).152:91 W81 217976 27/02/2026 27/02/2026 Книги 200.00
    Universal Decimal Classification     Наукова бібліотека ІДУД Наукова бібліотека ІДУД 23/10/2019 Акт надходження № 346/2019 (від Павла Кривоноса, ГДІП) 1.00 2139507   94(477).152:91 W81 2139507 23/10/2019 23/10/2019 Книги